=LDR 00000nam 2200000 4500 =001 INLIS000000000024255 =005 20240430095125 =035 ##$$a 0010-061300000024255 =008 240430###########################0###### =041 ##$$a Ind =082 ##$$a 028.5 =090 ##$$a 028.5, Mua a =100 ##$$a Muakhir, Ali =245 1#$$a Aku tidak marah lagi /$c Ali Muakhir =260 ##$$a Bandung :$b Mizan,$c 2003 =300 ##$$a 23 hlm : $b Ilus ; $c 18 cm =650 #4$$a Bacaan kanak-kanak =850 ##$$a NBPNMAT =084 ##$$a 028.5 MUA a =250 ##$$a Seri Cerita Balita =990 ##$$a 1038855 =990 ##$$a 1038856 =990 ##$$a 1038857 =990 ##$$a 1038858 =990 ##$$a 1038858 =990 ##$$a 1038855 =990 ##$$a 1038856 =990 ##$$a 1038857